[Event "Let's Play Chess!"]
[Site "http://www.queenalice.com/game.php?id=393723"]
[Date "2008.4.26"]
[Round "-"]
[White "From77fr"]
[Black "ChessAddict"]
[Result "0-1"]
[WhiteElo "1972"]
[BlackElo "2065"]

1. d4 Nf6 2. c4 e5 3. dxe5 Ng4 4. e4 Nxe5 5. f4 Ng6 6. a3 Bc5 7. Nf3 d6 8. Nc3
a6 9. g3 O-O 10. Bd3 Nc6 11. b4 Ba7 12. Bb2 Bg4 13. h3 Bxf3 14. Qxf3 Nd4 15. Qd1
Nxf4 16. gxf4 Qh4+ 17. Kf1 Qxf4+ 18. Kg2 Nf5 0-1

[Event "AUTO-ADV-781"]
[Site "http://www.queenalice.com/game.php?id=399975"]
[Date "2008.5.8"]
[Round "2"]
[White "adilson_camargo"]
[Black "ChessAddict"]
[Result "0-1"]
[WhiteElo "1845"]
[BlackElo "2096"]

1. d4 Nf6 2. c4 e5 3. e3 exd4 4. exd4 d5 5. Nc3 Be7 6. Nf3 O-O 7. Bd3 Nc6 8. Ne5
Nxd4 9. Be3 Nc6 10. Nxc6 bxc6 11. cxd5 cxd5 12. Bd4 c5 13. Bxf6 Bxf6 14. O-O c4
15. Bc2 d4 16. Ne4 d3 17. Nxf6+ Qxf6 18. Ba4 Qxb2 19. Qf3 Be6 20. Bc6 Rad8 21.
Rfb1 Qd4 22. h3 c3 23. Be4 f5 24. Bxd3 Qxd3 25. Qxd3 Rxd3 26. a4 c2 27. Re1 Bb3
28. a5 Rfd8 29. Kh2 Rd1 0-1

[Event "AUTO-ADV-781"]
[Site "http://www.queenalice.com/game.php?id=399976"]
[Date "2008.5.8"]
[Round "2"]
[White "ChessAddict"]
[Black "adilson_camargo"]
[Result "1-0"]
[WhiteElo "2102"]
[BlackElo "1848"]

1. e4 e5 2. Nf3 d6 3. d4 exd4 4. Nxd4 Nf6 5. Nc3 Bd7 6. Be2 Nc6 7. O-O g6 8. f4
Nxd4 9. Qxd4 c5 10. Qd1 Bg7 11. Qxd6 Rc8 12. e5 Rc6 13. Qd1 Ng8 14. Nb5 a6 15.
Nd6+ Ke7 16. Nxb7 Qc7 17. Nd6 Nh6 18. Bf3 Rb6 19. Nc4 Rb4 20. Ne3 Be6 21. Bd5
Rd8 22. Qf3 Qd7 23. c4 Nf5 24. Nxf5+ Bxf5 25. Be3 Qc7 26. Qf2 Rc8 27. g4 Bd3 28.
Rfc1 f5 29. Qh4+ Kf8 30. Qxh7 Bh8 31. Qg8+ Ke7 32. Qf7+ Kd8 33. Qf8+ Kd7 34. e6#
1-0

[Event "AUTO-MASTER-550"]
[Site "http://www.queenalice.com/game.php?id=421991"]
[Date "2008.6.23"]
[Round "1"]
[White "Guilherme_Ottoni"]
[Black "ChessAddict"]
[Result "0-1"]
[WhiteElo "2031"]
[BlackElo "2106"]

1. e4 e5 2. Nf3 Nc6 3. Bb5 f5 4. Nc3 fxe4 5. Nxe4 d5 6. Nxe5 dxe4 7. Nxc6 Qg5 8.
Nd4+ c6 9. Bf1 Bc5 10. Nb3 Bg4 11. d4 Qg6 12. f3 exf3 13. gxf3 Be7 14. Qe2 Bf5
15. c3 O-O-O 16. Bf4 Bh4+ 17. Kd2 Nf6 18. Qe5 Nd5 19. Qb8+ Kd7 20. Qxb7+ Ke8 21.
Qxa7 Nxf4 22. Qc7 Nd5 23. Qe5+ Kf7 24. Qe2 Rhe8 25. Qg2 Bg5+ 26. f4 Bxf4+ 0-1

[Event "AUTO-MASTER-550"]
[Site "http://www.queenalice.com/game.php?id=421992"]
[Date "2008.6.23"]
[Round "1"]
[White "ChessAddict"]
[Black "Guilherme_Ottoni"]
[Result "1-0"]
[WhiteElo "2121"]
[BlackElo "2033"]

1. e4 e5 2. Nf3 Nc6 3. Bc4 Nf6 4. Ng5 Bc5 5. Bxf7+ Ke7 6. Bb3 Rf8 7. O-O h6 8.
Nf3 Nxe4 9. d3 Nxf2 10. Rxf2 Bxf2+ 11. Kxf2 Nd4 12. Nc3 d6 13. Kg1 Bg4 14. Be3
Nxf3+ 15. gxf3 Bxf3 16. Qe1 Qd7 17. Qh4+ g5 18. Qg3 Qg4 19. Qxg4 Bxg4 20. d4 Rf3
21. dxe5 dxe5 22. Re1 b6 23. Bd5 Raf8 24. Bxf3 Bxf3 25. Bd4 Rf5 26. Rxe5+ Rxe5
27. Bxe5 c5 28. Bb8 a6 29. Ba7 b5 30. Bxc5+ Kf7 31. Kf2 g4 32. Ke3 Ke6 33. Ne2
1-0

[Event "AUTO-MASTER-550"]
[Site "http://www.queenalice.com/game.php?id=421997"]
[Date "2008.6.23"]
[Round "1"]
[White "VladimirSpirin"]
[Black "ChessAddict"]
[Result "0-1"]
[WhiteElo "2072"]
[BlackElo "2166"]

1. b3 e5 2. Bb2 Nc6 3. g3 d5 4. Bg2 Nf6 5. e3 Be7 6. d3 O-O 7. Ne2 Be6 8. Nd2
Qd7 9. h3 Rad8 10. a3 Ne8 11. g4 f5 12. Ng3 fxg4 13. h4 Nd6 14. Qe2 a5 15. O-O-O
Nb5 16. Nb1 d4 17. e4 Nc3 18. Nxc3 dxc3 19. Bxc3 Bxa3+ 20. Kb1 Nd4 21. Qd2 Qb5
22. Bxd4 Rxd4 23. Ka2 Bb4 24. Qc1 Bc3 25. Qa3 Ra4 26. Ne2 Rxa3+ 27. Kxa3 Qb4+
28. Ka2 Qa4+ 29. Kb1 Qa1# 0-1

[Event "AUTO-MASTER-550"]
[Site "http://www.queenalice.com/game.php?id=421998"]
[Date "2008.6.23"]
[Round "1"]
[White "ChessAddict"]
[Black "VladimirSpirin"]
[Result "1-0"]
[WhiteElo "2175"]
[BlackElo "2002"]

1. e4 b6 2. d4 Bb7 3. Bd3 g6 4. f4 Bg7 5. Nf3 e6 6. O-O d6 7. c3 Ne7 8. Be3 Nd7
9. Nbd2 h6 10. Qe2 a6 11. Rae1 b5 12. f5 e5 13. h3 g5 14. Nh2 Nf6 15. Ng4 Nxg4
16. Qxg4 Bf6 17. Qh5 Qd7 18. d5 Ng8 19. Rc1 Bd8 20. c4 Nf6 21. Qe2 b4 22. Nb3
Qa4 23. c5 Bc8 24. Qc2 Nh5 25. cxd6 cxd6 26. Qc6+ Qxc6 27. Rxc6 Kd7 28. Rfc1 Bb7
29. R6c2 Nf6 30. Bd2 a5 31. Bb5+ Ke7 32. Rc7+ Bxc7 33. Rxc7+ Kf8 34. Rxb7 Nxe4
35. Be1 Kg7 36. Bc6 Kf6 37. g4 Rhd8 38. Rb5 Rdb8 39. Rxb8 Rxb8 40. Nxa5 Nc5 41.
Nc4 Ke7 42. f6+ Kxf6 43. Nxd6 Nd3 44. Bd2 Nxb2 45. Nf5 Nc4 46. Be3 Nxe3 47. Nxe3
b3 48. axb3 Rxb3 49. Kf2 Rb2+ 50. Kf3 Rb3 51. d6 Rd3 52. d7 Ke7 53. Ke4 Rb3 54.
Nf5+ Kd8 55. Nxh6 Kc7 56. Nxf7 Rb8 57. d8=Q+ Rxd8 58. Nxd8 Kxd8 59. Kxe5 Kc7 60.
Be4 1-0

[Event "AUTO-ADV-805"]
[Site "http://www.queenalice.com/game.php?id=425082"]
[Date "2008.6.29"]
[Round "2"]
[White "TinyDemons"]
[Black "ChessAddict"]
[Result "0-1"]
[WhiteElo "1881"]
[BlackElo "2130"]

1. d4 Nf6 2. Nc3 d5 3. Nf3 c5 4. dxc5 Nc6 5. Be3 e5 6. Bg5 d4 7. Bxf6 Qxf6 8.
Ne4 Qd8 9. Qd3 f5 10. Nd6+ Bxd6 11. Qc4 Be7 12. O-O-O Qa5 13. Kb1 Qxc5 14. Qxc5
Bxc5 15. g3 O-O 16. Bg2 e4 17. Ne1 Be6 18. a3 Rad8 19. c3 dxc3 20. Rxd8 Rxd8 21.
bxc3 Bxa3 22. Nc2 Bc5 23. e3 Rd2 0-1

[Event "AUTO-ADV-805"]
[Site "http://www.queenalice.com/game.php?id=425086"]
[Date "2008.6.29"]
[Round "2"]
[White "ChessAddict"]
[Black "Pagano"]
[Result "1/2-1/2"]
[WhiteElo "2193"]
[BlackElo "2012"]

1. e4 a6 2. d4 b5 3. Bd3 Bb7 4. Nd2 e6 5. Ne2 c5 6. c3 c4 7. Bc2 d6 8. O-O Nd7
9. Ng3 Be7 10. f4 Qb6 11. Kh1 Ngf6 12. e5 Nd5 13. Nde4 O-O-O 14. b3 b4 15. bxc4
Nxc3 16. Nxc3 bxc3 17. Ba3 Qc6 18. Qe2 Nb6 19. Bd3 Rhe8 20. Bxd6 Bxd6 21. exd6
Rxd6 22. Be4 Qxc4 23. Qh5 Bxe4 24. Nxe4 Rxd4 25. Nxc3 Rxf4 26. Rxf4 Qxf4 27. Qa5
1/2-1/2

[Event "AUTO-ADV-805"]
[Site "http://www.queenalice.com/game.php?id=425087"]
[Date "2008.6.29"]
[Round "2"]
[White "Pagano"]
[Black "ChessAddict"]
[Result "0-1"]
[WhiteElo "2040"]
[BlackElo "2135"]

1. f4 e5 2. fxe5 d6 3. exd6 Bxd6 4. Nf3 Nc6 5. d4 Bg4 6. g3 Bxf3 7. exf3 Nxd4 8.
Bg2 Qe7+ 9. Kf2 Bc5 10. Re1 Nxc2+ 0-1

[Event "AUTO-OPEN-979"]
[Site "http://www.queenalice.com/game.php?id=428666"]
[Date "2008.7.6"]
[Round "3"]
[White "RDario"]
[Black "ChessAddict"]
[Result "0-1"]
[WhiteElo "1964"]
[BlackElo "2188"]

1. d4 Nf6 2. c4 e5 3. e3 exd4 4. exd4 d5 5. Nc3 Be7 6. Nf3 O-O 7. Be2 Nc6 8. O-O
Be6 9. c5 Ne4 10. h3 f5 11. Bf4 Bf6 12. Ne5 Nxe5 13. dxe5 Nxc3 14. bxc3 Be7 15.
Re1 Bxc5 16. Bd3 Qh4 17. Bg3 Qxg3 18. Re2 f4 19. Qc2 f3 20. Bxh7+ Kh8 0-1

[Event "AUTO-OPEN-979"]
[Site "http://www.queenalice.com/game.php?id=428667"]
[Date "2008.7.6"]
[Round "3"]
[White "ChessAddict"]
[Black "RDario"]
[Result "1-0"]
[WhiteElo "2182"]
[BlackElo "1972"]

1. e4 Nc6 2. d4 d6 3. Nf3 Bg4 4. Bb5 a6 5. Ba4 b5 6. Bb3 g6 7. Bxf7+ Kd7 8. d5
Ne5 9. Nxe5+ Kc8 10. Nxg4 Bg7 11. Nc3 c5 12. dxc6 Qb6 13. O-O Bxc3 14. bxc3 Qxc6
15. Bd5 Qxc3 16. Bd2 Qd4 17. Bxa8 Nf6 18. Nxf6 Qxf6 19. Ba5 1-0

[Event "1er challenge"]
[Site "http://www.queenalice.com/game.php?id=444609"]
[Date "2008.8.6"]
[Round "-"]
[White "PhilBFrance"]
[Black "ChessAddict"]
[Result "1/2-1/2"]
[WhiteElo "1995"]
[BlackElo "2206"]

1. e4 e5 2. Nf3 Nc6 3. d4 exd4 4. Nxd4 Bc5 5. Be3 Qf6 6. c3 Nge7 7. Na3 Bxa3 8.
bxa3 O-O 9. Bd3 Ne5 10. O-O Nxd3 11. Qxd3 c6 12. f4 Qh4 13. e5 f6 14. Nf3 Qh5
15. Bc5 Re8 16. Rae1 Nd5 17. exf6 Nxf6 18. Re5 Qg6 19. f5 Qh5 20. Rxe8+ Nxe8 21.
Ne5 d6 22. Bxd6 Nxd6 23. Qxd6 Bxf5 24. Qb4 Be6 25. Qxb7 Rc8 26. Nxc6 Qc5+ 27.
Nd4 Bxa2 28. Qb4 g6 29. Rf3 Qc7 30. Re3 Rb8 31. Qe7 Rb1+ 32. Kf2 Rb2+ 33. Ne2
Qxe7 34. Rxe7 Bc4 35. Re4 Bd3 36. Re3 Bc4 37. Re8+ Kf7 38. Re4 Bd3 39. Re3 Bc4
40. Re4 1/2-1/2

[Event "2ème Challenge"]
[Site "http://www.queenalice.com/game.php?id=444611"]
[Date "2008.8.6"]
[Round "-"]
[White "ChessAddict"]
[Black "PhilBFrance"]
[Result "1/2-1/2"]
[WhiteElo "2205"]
[BlackElo "2032"]

1. e4 Nc6 2. d4 d5 3. Nc3 dxe4 4. d5 Ne5 5. Qd4 Ng6 6. Qxe4 Nf6 7. Qa4+ Bd7 8.
Bb5 e6 9. dxe6 fxe6 10. Bxd7+ Qxd7 11. Qxd7+ Nxd7 12. Bg5 h6 13. Be3 Nh4 14.
O-O-O Nxg2 15. Nb5 Nxe3 16. fxe3 O-O-O 17. Nxa7+ Kb8 18. Nb5 Bc5 19. Nd4 Rhe8
20. Re1 Ne5 21. Ngf3 Nc4 22. c3 e5 23. Nc2 Rd3 24. Re2 Nxe3 25. Nd2 Red8 26.
Rhe1 Ng4 27. Nc4 e4 28. N2e3 Bxe3+ 29. Nxe3 Ne5 30. Rg1 g5 31. Nf5 Rf8 32. Nxh6
e3 33. Ng4 Nxg4 34. Rxg4 Rf2 35. Kc2 Rxe2+ 36. Kxd3 Rxb2 37. Kxe3 Rxh2 38. Rxg5
Rxa2 39. Kd4 Rd2+ 40. Kc5 b6+ 41. Kb5 Kb7 42. Rg7 Rd5+ 43. Kc4 Re5 44. Kb4 b5
45. c4 Kb6 46. cxb5 Rxb5+ 47. Kc4 Ra5 48. Rg6+ c6 49. Rg8 Ra4+ 50. Kc3 Kb5 51.
Rb8+ Kc5 52. Kb3 Rf4 53. Rh8 Rf3+ 54. Kc2 Kc4 55. Kc1 Kc3 56. Kb1 c5 57. Rh6 c4
58. Rh8 Rf1+ 59. Ka2 Rf2+ 60. Kb1 Rf3 61. Rh6 Rf1+ 62. Ka2 Rf2+ 63. Kb1 Rb2+ 64.
Kc1 Rc2+ 65. Kb1 Re2 66. Rh8 Re1+ 67. Ka2 Kd3 68. Rd8+ Kc2 69. Rh8 Rd1 70. Rh6
c3 71. Rh3 Rd3 72. Rh1 Rd2 73. Ka3 Re2 74. Rh8 Kd2 75. Rh1 Rg2 76. Kb3 Rf2 77.
Ka3 Re2 78. Kb3 Rg2 79. Ka3 Kd3 80. Rh3+ Kc2 81. Rh1 Rd2 82. Rg1 Rd3 83. Ka2 Rd5
84. Ka3 Re5 85. Rg2+ Kd3 86. Kb3 Rb5+ 87. Ka2 c2 1/2-1/2

[Event "AUTO-MASTER-550"]
[Site "http://www.queenalice.com/game.php?id=451337"]
[Date "2008.8.20"]
[Round "2"]
[White "vitaminac"]
[Black "ChessAddict"]
[Result "1/2-1/2"]
[WhiteElo "2212"]
[BlackElo "2196"]

1. d4 Nf6 2. Nf3 d5 3. e3 e6 4. Bd3 c5 5. b3 Nc6 6. Bb2 Be7 7. O-O O-O 8. Nbd2
b6 9. Ne5 Bb7 10. f4 Rc8 11. a3 cxd4 12. exd4 Nxe5 13. fxe5 Ne4 14. Qe2 Nc3 15.
Qe3 Bg5 16. Bxh7+ Kxh7 17. Qh3+ Kg8 18. Bxc3 a5 19. Rf2 Ba6 20. Nf1 Bh4 21. Rf4
1/2-1/2

[Event "AUTO-MASTER-550"]
[Site "http://www.queenalice.com/game.php?id=451338"]
[Date "2008.8.20"]
[Round "2"]
[White "ChessAddict"]
[Black "vitaminac"]
[Result "1/2-1/2"]
[WhiteElo "2206"]
[BlackElo "2188"]

1. e4 c5 2. Nf3 d6 3. d4 cxd4 4. Nxd4 Nf6 5. Nc3 a6 6. f4 e5 7. Nf3 Nbd7 8. Bc4
b5 9. Bd5 Rb8 10. fxe5 dxe5 11. Bg5 Be7 12. Qd2 b4 13. Ne2 Nxd5 14. exd5 Bxg5
15. Nxg5 Nf6 16. O-O O-O 17. c4 bxc3 18. Nxc3 Qb6+ 19. Kh1 Qxb2 20. Qd3 Bf5 21.
Qxf5 Qxc3 22. Rae1 h6 23. Ne4 Nxe4 24. Qxe4 f6 25. Rc1 Qa3 26. Rc7 Qd6 27. Rc6
Qb4 28. Qf5 Qd4 29. Qe6+ Kh7 30. Rc7 e4 31. h3 e3 32. Rf3 Rfe8 33. Qf7 Rg8 34.
Rg3 Kh8 35. Re7 e2 36. Kh2 Qf2 37. Qe6 1/2-1/2

[Event "AUTO-MASTER-550"]
[Site "http://www.queenalice.com/game.php?id=451339"]
[Date "2008.8.20"]
[Round "2"]
[White "jeantomasia"]
[Black "ChessAddict"]
[Result "0-1"]
[WhiteElo "2050"]
[BlackElo "2188"]

1. e4 e5 2. Nf3 Nc6 3. Bb5 f5 4. Nc3 fxe4 5. Nxe4 d5 6. Nxe5 dxe4 7. Qh5+ g6 8.
Nxg6 hxg6 9. Qxh8 Be6 10. O-O Qd5 11. c4 Qd3 12. Bxc6+ bxc6 13. b3 O-O-O 14. Re1
Bd6 15. h3 Bf5 16. Qb2 Bc5 17. Qc3 Qd6 18. Qa5 Bxh3 19. gxh3 Qg3+ 20. Kh1 Qf3+
0-1

[Event "AUTO-MASTER-550"]
[Site "http://www.queenalice.com/game.php?id=451340"]
[Date "2008.8.20"]
[Round "2"]
[White "ChessAddict"]
[Black "jeantomasia"]
[Result "1-0"]
[WhiteElo "2196"]
[BlackElo "2143"]

1. e4 c5 2. Nf3 d6 3. d4 cxd4 4. Nxd4 Nf6 5. Nc3 a6 6. Be3 e5 7. Nb3 Be6 8. f3
Be7 9. Qd2 Nbd7 10. O-O-O O-O 11. g4 Rc8 12. h4 Ne8 13. g5 b5 14. Bd3 Nb6 15.
Kb1 Nc4 16. Bxc4 bxc4 17. Nc1 Nc7 18. N1e2 Rb8 19. Ka1 Qc8 20. f4 Qb7 21. Rb1
Bg4 22. f5 Rfd8 23. Rhg1 Bxe2 24. Qxe2 Qc6 25. h5 d5 26. exd5 Nxd5 27. Nxd5 Qxd5
28. f6 Bc5 29. g6 fxg6 30. Bxc5 Qxc5 31. hxg6 h6 32. Qf1 Rb7 33. fxg7 Kxg7 34.
Rh1 Rd6 35. Rxh6 Kxh6 36. Qh1+ Kxg6 37. Qxb7 Qd4 38. c3 Qd3 39. Rg1+ Kf6 40.
Qg7+ Ke6 41. Rg6+ Kd5 42. Qb7+ Kc5 43. Qc7+ Kb5 44. a4+ 1-0